Introductory macroeconomics. (Record no. 15467)
[ view plain ]
| 000 -LEADER | |
|---|---|
| fixed length control field | 00532cas a2200193 a 4500 |
| 022 0# - INTERNATIONAL STANDARD SERIAL NUMBER | |
| ISSN | 0740-6657 |
| 040 ## - CATALOGING SOURCE | |
| Transcribing agency | BNG |
| 082 04 - DEWEY DECIMAL CLASSIFICATION NUMBER | |
| Classification number | 339 COR 1985 A078 Or. |
| 245 00 - TITLE STATEMENT | |
| Title | Introductory macroeconomics. |
| 260 ## - PUBLICATION, DISTRIBUTION, ETC. (IMPRINT) | |
| Place of publication | Ithaca : |
| Name of publisher | Cornell University Press, |
| Year of publication | 1980-1985. |
| 300 ## - PHYSICAL DESCRIPTION | |
| Number of Pages | 5 v. : |
| Other physical details | ill. ; |
| Dimensions | 28 cm. |
| 500 ## - GENERAL NOTE | |
| General note | "Readings on contemporary issues." |
| 500 ## - GENERAL NOTE | |
| General note | Editor: P.D. McClelland. |
| 650 #0 - SUBJECT ADDED ENTRY--TOPICAL TERM | |
| Topical Term | Macroeconomics |
| 650 #7 - SUBJECT ADDED ENTRY--TOPICAL TERM | |
| Topical Term | Economic history. |
| 650 #7 - SUBJECT ADDED ENTRY--TOPICAL TERM | |
| Topical Term | Macroeconomics. |
| 700 1# - ADDED ENTRY--PERSONAL NAME | |
| Personal name | McClelland, Peter D. |
| 942 ## - ADDED ENTRY ELEMENTS (KOHA) | |
| Koha item type | សៀវភៅភាសាអង់គ្លេស |
| 952 ## - LOCATION AND ITEM INFORMATION (KOHA) | |
| Withdrawn status [LOCAL, KOHA] | 0 |
| Permanent Location | Date acquired | Koha item type | Lost status | Shelving location | Barcode | Current Location | Full call number |
|---|---|---|---|---|---|---|---|
| Library Block A | 2017-11-22 | សៀវភៅភាសាអង់គ្លេស | A078 | A07007 | Library Block A | 339 COR 1985 A078 Or. |